| 000 | 00863nam a2200253Ia 4500 | ||
|---|---|---|---|
| 003 | GCL | ||
| 008 | 140319s9999 xx 000 0 ara d | ||
| 020 | _a2229208977 | ||
| 040 |
_aGCL / _cGCL |
||
| 082 | 0 | 4 |
_a780.92 _bب ق |
| 100 | 1 | _aبثينة فريد | |
| 245 | 1 | 0 |
_aالقومية واعلام الموسيقا فى اوروبا ومصر / _cبثينة فريد |
| 700 | 1 | _aزين نصار | |
| 250 | _aالاولى | ||
| 260 |
_aالقاهرة : _bمكتبة مدبولى ، _c1998 |
||
| 300 |
_a172 ص ؛ _c24 سم |
||
| 490 |
_aدراسات موسيقية _v1 |
||
| 650 | 0 | 4 | _aالموسيقيون المصريون |
| 650 | 0 | 4 | _aالموسيقى الغربية |
| 650 | 0 | 4 | _aالموسيقى فى المسرح |
| 650 | 0 | 4 | _aالموسيقى العربية - تاريخ ونقد |
| 650 | 0 | 4 | _aالتاليف الموسيقى |
| 942 |
_2ddc _cBK |
||
| 999 |
_c6037 _d6037 |
||